| 000 | 00000nam##2200000za#4500 |
| 001 | 9.572521 |
| 003 | CaOODSP |
| 005 | 20220111083109 |
| 007 | cr ||||||||||| |
| 008 | 150406|1997||||xxc|||||o f|0| 0 eng|d |
| 022 | |a1928-6414 |
| 040 | |aCaOODSP|beng |
| 043 | |an-cn--- |
| 086 | 1 |aNE22-1/1997-1E-PDF |
| 110 | 1 |aCanada. |bNational Energy Board. |
| 245 | 10|aReasons for decision in the matter of PanCanadian Petroleum Limited : |h[electronic resource]|bapplication dated 26 July 1996 for an order requiring Interprovincial Pipe Line Inc. to transport natural gas liquids for PanCanadian Petroleum Limited from Kerrobert, Saskatchewan |
| 246 | 1 |iVariant title : |aPanCanadian Petroleum Limited |
| 260 | |aCalgary - Alberta : |bNational Energy Board |cFebruary 1997. |
| 300 | |a27p.|bglossary |
| 490 | 1 |aReasons for decision|x1928-6414|vMH-4-96 |
| 500 | |aThe catalogue number (NE22-1/1997-1E) and ISBN (0-662-25297-7) for the print edition have been incorrectly copied in this electronic publication. |
| 590 | |a12-09-Supp|b2012-03-21 |
| 775 | 08|tMotifs de décision relativement à PanCanadian Petroleum Limited : |w(CaOODSP)9.602869 |
| 776 | 0#|tIn the matter of: PanCanadian Petroleum Limited : |w(CaOODSP)9.613486 |
| 830 | #0|aReasons for decision (Canada. National Energy Board)|x1928-6414|vMH-4-96|w(CaOODSP)9.504480 |
| 856 | 40|ahttp://publications.gc.ca|qPDF|s92 KB|uhttps://publications.gc.ca/collections/Collection/NE22-1-1997-1E.pdf|yMH-4-96 |